Look and act east Policy: (Record no. 190201)
[ view plain ]
| 000 -LEADER | |
|---|---|
| fixed length control field | 00623nam a22001937a 4500 |
| 005 - DATE AND TIME OF LATEST TRANSACTION | |
| control field | 20220720130237.0 |
| 010 ## - LCCN (DPL NO) | |
| LC control number | ENG-133675 |
| 020 ## - INTERNATIONAL STANDARD BOOK NUMBER | |
| International Standard Book Number | 9788185835772 |
| Terms of availability | 595.00 |
| 035 ## - SYSTEM CONTROL NUMBER | |
| System control number | EN-117207 |
| 037 ## - SOURCE OF ACQUISITION | |
| Source of stock number/acquisition | DBAD/PUB |
| 082 ## - DEWEY DECIMAL CLASSIFICATION NUMBER | |
| Classification number | 327.54 |
| 245 ## - TITLE STATEMENT | |
| Title | Look and act east Policy: |
| Remainder of title | Potenttials and Contraints/ |
| Statement of responsibility, etc | Ed. by Rashpal Malhotra & Sucha Singh Gill |
| 260 ## - PUBLICATION, DISTRIBUTION, ETC. (IMPRINT) | |
| Place of publication, distribution, etc | Chandigarh |
| Name of publisher, distributor, etc | CRRID |
| Date of publication, distribution, etc | 2015 |
| 270 ## - ADDRESS | |
| Address | Sector-19A, Madhya Marg |
| City | Chandigarh |
| Postal code | 160019 |
| 300 ## - PHYSICAL DESCRIPTION | |
| Extent | 286 p. |
| Dimensions | 25 cm(Hbk) |
| Other physical details | Contributors Details |
| 700 ## - ADDED ENTRY--PERSONAL NAME | |
| Personal name | Malhotra, Rashpal |
| 700 ## - ADDED ENTRY--PERSONAL NAME | |
| Personal name | Gill, Sucha Singh |
| 942 ## - ADDED ENTRY ELEMENTS (KOHA) | |
| Source of classification or shelving scheme | Dewey Decimal Classification |
| Item type | English Books |
| Classification part | 327.54 |
| Call number suffix | LOO |
| Withdrawn status | Lost status | Not for loan | Collection code | Home library | Current library | Date acquired | Source of acquisition | Cost, normal purchase price | Full call number | Barcode | Copy number | Cost, replacement price | Koha item type |
|---|---|---|---|---|---|---|---|---|---|---|---|---|---|
| Non-fiction | Bawana | Bawana | 20/07/2022 | DBAD/PUB | 595.00 | 327.54 LOO | EN-117207 | 1 | 595.00 | English Books |
